00470nam a2200169Ia 450000500170000000800410001702000180005804100080007608200150008410000150009924500650011426000410017930000090022050000280022965000280025770000150028520251122103151.0230125s9999 xx 000 0 und d a9788184953848 aeng a158.1bCAN aCanfield J aPearls of WisdombInspirational Ideas to Live Your Best Life c2015bJaico Publishing HouseaMumbai a203p aPersonality Development aPersonality Development aCanfield J